|
|
|
|
| LEADER |
00934nam a2200253 a 4500 |
| 001 |
2051433 |
| 008 |
100406s1994 nyua b 001 0 eng d |
| 010 |
|
|
|a 93027389
|
| 020 |
|
|
|a 0500341311
|
| 020 |
|
|
|a 0810939754
|
| 040 |
|
|
|a DLC
|c DLC
|d DLC
|d BD-DhAAL
|
| 082 |
0 |
0 |
|a 720/.47
|2 20
|
| 100 |
1 |
|
|a Moore, Charles Willard,
|d 1925-1993.
|
| 245 |
1 |
0 |
|a Water and architecture /
|c text by Charles W. Moore ; photographs by Jane Lidz.
|
| 260 |
|
|
|a New York :
|b H.N. Abrams,
|c 1994.
|
| 300 |
|
|
|a 224 p. :
|b col. ill. ;
|c 31 cm.
|
| 504 |
|
|
|a Includes bibliographical references (p. 216-217) and index.
|
| 541 |
1 |
|
|e 00013764
|
| 650 |
|
0 |
|a Water and architecture.
|
| 700 |
1 |
|
|a Lidz, Jane.
|
| 852 |
4 |
|
|a Ayesha Abed Library
|j General shelf
|
| 942 |
0 |
0 |
|0 1
|
| 999 |
|
|
|c 7978
|d 7978
|
| 952 |
|
|
|0 0
|1 0
|2 ddc
|4 0
|6 720_470000000000000_MOO_1994
|7 0
|9 9012
|a BRACUL
|b BRACUL
|c GEN
|d 2010-04-06
|l 10
|m 31
|o 720.47 MOO
|p 3010013764
|r 2019-07-02
|s 2019-07-02
|t 2
|w 2010-04-06
|y BK
|